Statistics for Countries By Name Origins

Click here to take the quiz!

General Stats

  • This quiz has been taken 26 times
  • The average score is 16 of 25

Answer Stats

OriginAnswer% Correct
Namib DesertNamibia
96%
Jean Moreau de SéchellesSeychelles
96%
"Land of the Mongols"Mongolia
91%
ZeelandNew Zealand
91%
Saint LucySaint Lucia
91%
Green CapeCape Verde
87%
"Land of the Franks"France
83%
King Philip IIPhilippines
83%
King SolomonSolomon Islands
83%
Indus River ValleyIndia
78%
Amerigo VespucciUnited States of America
74%
Ériu (Goddess)Ireland
70%
Latgalians (Tribe)Latvia
70%
"Little Venice"Venezuela
70%
King Dan IDenmark
65%
Mispronunciation of "Viti"Fiji
65%
Jesus ChristEl Salvador
57%
Thomas GilbertKiribati
57%
Lion MountainsSierra Leone
57%
"The Place in the Center of the Moon"Mexico
43%
"Cluster of Eight"Tuvalu
35%
"God Contended"Israel
30%
"Protected by the Holy Fire"Azerbaijan
17%
CopperCyprus
17%
"House of Stones"Zimbabwe
17%

Score Distribution

Percentile by Number Answered

Percent of People with Each Score

Your Score History

You have not taken this quiz